Southville International School and Colleges
Your cart is empty.
  • Cart
  • Lists
    Public lists Eva Luna New books Lux_list list_1
    Your lists Log in to create your own lists
  • Log in to your account
  • Your cookies
  • Search history
Southville International School and Colleges
  • Advanced search
  • Recent comments
  • Most popular
  • Libraries

Log in to your account

Log in with GOOGLE


If you do not have an external account, but do have a local account, you can still log in:

  1. Home
  2. MARC view: Into the unknown :
Normal view MARC view ISBD view

Into the unknown : (Record no. 295000)

[ view plain ]
MARC details
000 -LEADER
fixed length control field 01593cam a2200301 a 4500
001 - CONTROL NUMBER
control field 16513699
003 - CONTROL NUMBER IDENTIFIER
control field SISC
005 - DATE AND TIME OF LATEST TRANSACTION
control field 20160601150339.0
008 - FIXED-LENGTH DATA ELEMENTS--GENERAL INFORMATION
fixed length control field 101022s2011 mauab j 000 1 eng
010 ## - LIBRARY OF CONGRESS CONTROL NUMBER
LC control number 2010038720
020 ## - INTERNATIONAL STANDARD BOOK NUMBER
International Standard Book Number 9780763669928
040 ## - CATALOGING SOURCE
Original cataloging agency DLC
Transcribing agency DLC
Modifying agency DLC
042 ## - AUTHENTICATION CODE
Authentication code pcc
050 00 - LIBRARY OF CONGRESS CALL NUMBER
Classification number G 175
Item number .R7 2011
082 00 - DEWEY DECIMAL CLASSIFICATION NUMBER
Classification number 910.9
100 1# - MAIN ENTRY--PERSONAL NAME
Personal name Ross, Stewart.
245 10 - TITLE STATEMENT
Title Into the unknown :
Remainder of title how great explorers found their way by land, sea, and air /
Statement of responsibility, etc Stewart Ross ; illustrated by Stephen Biesty.
250 ## - EDITION STATEMENT
Edition statement 1st U.S. ed.
260 ## - PUBLICATION, DISTRIBUTION, ETC. (IMPRINT)
Place of publication, distribution, etc Somerville, Mass. :
Name of publisher, distributor, etc Candlewick Press,
Date of publication, distribution, etc 2011.
300 ## - PHYSICAL DESCRIPTION
Extent [85] p. :
Other physical details col. ill., col. maps ;
Dimensions 29 cm.
520 ## - SUMMARY, ETC.
Summary, etc From Pytheas the Greek, who sailed to the Artic Circle without a compass, to Neil Armstrong landing on the moon--here are fourteen extraordinary journeys by land, sea, and air. Each one is remarkable for the way it was made, for the technology behind it, and for the inspiration it gave to future generations. Through grippling storytelling, fantastic fold-out cross sections, detailed maps, and remarkable technical drawings--join the world's bravest explorers on some of the greatest journeys ever made!
650 #0 - SUBJECT ADDED ENTRY--TOPICAL TERM
Topical term or geographic name as entry element Explorers
Form subdivision Juvenile literature.
650 #0 - SUBJECT ADDED ENTRY--TOPICAL TERM
Topical term or geographic name as entry element Discoveries in geography
Form subdivision Juvenile literature.
700 1# - ADDED ENTRY--PERSONAL NAME
Personal name Biesty, Stephen,
Relator term ill.
906 ## - LOCAL DATA ELEMENT F, LDF (RLIN)
a 7
b cbc
c orignew
d 1
e ecip
f 20
g y-gencatlg
942 ## - ADDED ENTRY ELEMENTS (KOHA)
Source of classification or shelving scheme Library of Congress Classification
Koha item type Books
Holdings
Withdrawn status Lost status Source of classification or shelving scheme Damaged status Home library Current library Shelving location Date acquired Source of acquisition Total Checkouts Total Renewals Full call number Barcode Date last seen Date checked out Price effective from Koha item type
    Library of Congress Classification   Luxembourg Library Luxembourg Library Reference Section 05/26/2016 Library Fund 2 1 G 175 .R7 2011 20173 08/29/2017 04/10/2017 05/26/2016 Books

Into the unknown :

APA

Ross S., Biesty S., . (2011). Into the unknown. Somerville, Mass: Candlewick Press.

Chicago

Ross Stewart, Biesty Stephen, . 2011. Into the unknown. Somerville, Mass: Candlewick Press.

Harvard

Ross S., Biesty S., . (2011). Into the unknown. Somerville, Mass: Candlewick Press.

MLA

Ross Stewart, Biesty Stephen, . Into the unknown. Somerville, Mass: Candlewick Press. 2011.

  • Place hold
  • Print
  • Cite
  • Add to your cart (remove)
  • Save record
    BIBTEX Dublin Core MARCXML MARC (non-Unicode/MARC-8) MARC (Unicode/UTF-8) MARC (Unicode/UTF-8, Standard) MODS (XML) RIS
  • More searches
    Search for this title in:
    Other Libraries (WorldCat) Other Databases (Google Scholar) Online Stores (Bookfinder.com) Open Library (openlibrary.org)

Exporting to Dublin Core...

SOUTHVILLE LIBRARY

Southville International School and Colleges Library

1281 Tropical Ave. Cor. Luxembourg St., BF Homes International, Las Pinas City

Tel. No. 8256374 / 252358 Loc. 117/146

Powered by Koha